| 000 | 00904nam a22002652 4500 | ||
|---|---|---|---|
| 001 | 23184 | ||
| 003 | BD-RjUL | ||
| 005 | 20211209000912.0 | ||
| 008 | 140310s1951 enk 001 0 eng d | ||
| 035 | _a(BD-RjUL)23249 | ||
| 040 |
_aMEU _cMEU _dEQO _dBD-RjUL _beng |
||
| 041 | _aeng | ||
| 082 |
_a901 _bWEO 1951 |
||
| 090 |
_aD21 _b.W4 1951 |
||
| 100 | 1 |
_aWells, H. G. _q(Herbert George), _d1866-1946. _971462 |
|
| 245 | 1 | 4 |
_aThe outline of history : _bbeing a plain history of life and mankind / _cH.G. Wells. _pRev. ed. |
| 260 |
_aLondon : _bCassell, _c1951. |
||
| 300 |
_axvii, 1260 p. : _bill., maps ; _c22 cm. |
||
| 500 | _a"Revised and brought up to the end of the second World War by Raymond Postgate." | ||
| 500 | _a"With maps and plans by J. F. Horrabin." | ||
| 504 | _aIncludes index. | ||
| 650 | 0 |
_aWorld history. _971463 |
|
| 700 | 1 |
_aPostgate, Raymond, _d1896-1971. _971464 |
|
| 942 |
_2ddc _cBK |
||
| 999 |
_c23184 _d23184 |
||